000 00659nam a2200205 a 4500
001 000047585
005 20250227073850.0
008 130708s2017 dr 000 0 spa d
020 _a9789945489118
040 _aDO-SdBNP
_bspa
_cBNPHU
082 _axxx
_bA347t, 2017
100 1 _aAlcántara Almánzar, José
_d1946-
_97018
245 1 0 _aTestimonios y profanaciones /
_cJosé Alcántara Almánzar.
250 _a3a. ed.
260 _aSanto Domingo :
_bSantuario,
_c2017.
300 _a138 p. ;
_c24 cm.
500 _aIncluye datos biografícos del autor.
500 _aIncluye datos biografícos del autor en la solapa.
590 _aInventariado, 2018/ YL
999 _c47073
_d47073